|
|
|
|
| LEADER |
00000nab a2200000 a 4500 |
| 001 |
vtls008851928 |
| 003 |
SK-MaSNL |
| 005 |
20260426084318.0 |
| 008 |
250505c2006 xo mr|p|||||||000 b|slo |
| 015 |
|
|
|a SNBRB2006/09
|2 snkbucl
|
| 035 |
|
|
|a (uuid)35ea3ddf-2506-4949-9531-3a63265eeec6
|
| 035 |
|
|
|a urn:nbn:sk:snk-ab24u3
|
| 035 |
|
|
|a (urnnbn)urn:nbn:sk:snk:ar-a01lz0
|
| 038 |
|
|
|a SNKBUCL
|
| 040 |
|
|
|a SNKBUCL
|b slo
|c SNKBUCL
|e AACR2
|
| 041 |
0 |
|
|a slo
|
| 044 |
|
|
|a xo
|c SK
|
| 080 |
|
|
|a 336.744
|x (4:437.6)
|2 1997
|
| 100 |
1 |
|
|a Szovics, Peter,
|d 1974-
|4 aut
|9 213904
|
| 245 |
1 |
0 |
|a Sú obyvatelia Slovenska informovaní o zavedení eura?
|c Peter Szovics, Mária Dubayová
|
| 504 |
|
|
|a Bibliogr. odkazy
|
| 650 |
0 |
7 |
|a jednotná európska mena
|2 snkbucl
|9 28024
|
| 651 |
|
7 |
|a Slovensko
|2 snkbucl
|9 14231
|
| 700 |
1 |
|
|a Dubayová, Mária,
|d 1946-2004
|4 aut
|9 159281
|
| 773 |
0 |
|
|t Biatec
|g Roč. 14, č. 8 (2006), s. 16-17
|x 1335-0900
|
| 850 |
|
|
|a Slovenská národná knižnica
|
| 852 |
|
|
|a Slovenská národná knižnica
|
| 954 |
|
|
|a odborná, vedecká literatúra pôvodná (slovenská)
|2 lita
|
| 958 |
|
|
|a article2022
|
| 958 |
|
|
|a NB
|
| 958 |
|
|
|a SK
|
| 958 |
|
|
|a OND
|
| 958 |
|
|
|a EUIPO
|
| 999 |
|
|
|c 2928950
|d 2930880
|